<?xml version="1.0" encoding="UTF-8"?>
<record
    xmlns:xsi="http://www.w3.org/2001/XMLSchema-instance"
    xsi:schemaLocation="http://www.loc.gov/MARC21/slim http://www.loc.gov/standards/marcxml/schema/MARC21slim.xsd"
    xmlns="http://www.loc.gov/MARC21/slim">

  <leader>03583nam a2200553Ia 4500</leader>
  <controlfield tag="001">403</controlfield>
  <controlfield tag="008">241029s9999    xx            000 0 und d</controlfield>
  <datafield tag="010" ind1=" " ind2=" ">
    <subfield code="a">369</subfield>
  </datafield>
  <datafield tag="041" ind1=" " ind2=" ">
    <subfield code="a">Espa&#xF1;ol</subfield>
  </datafield>
  <datafield tag="082" ind1=" " ind2=" ">
    <subfield code="a">NO APLICA</subfield>
  </datafield>
  <datafield tag="245" ind1=" " ind2="0">
    <subfield code="a">La deserci&#xF3;n escolar en el Nivel Medio de los Liceos Emma Balaguer de Vallejo y Francisco del Rosario S&#xE1;nchez Distrito Educativo 10-02, Sabana Perdida, Rep&#xFA;blica Dominicana, 2011-2012</subfield>
  </datafield>
  <datafield tag="260" ind1=" " ind2=" ">
    <subfield code="a">Santo Domingo</subfield>
  </datafield>
  <datafield tag="300" ind1=" " ind2=" ">
    <subfield code="a">127</subfield>
  </datafield>
  <datafield tag="520" ind1=" " ind2=" ">
    <subfield code="a">9</subfield>
  </datafield>
  <datafield tag="630" ind1=" " ind2=" ">
    <subfield code="a">Deserci&#xF3;n Estudiantil</subfield>
  </datafield>
  <datafield tag="630" ind1=" " ind2=" ">
    <subfield code="a">Estrategia Docente</subfield>
  </datafield>
  <datafield tag="630" ind1=" " ind2=" ">
    <subfield code="a">Estudiantes</subfield>
  </datafield>
  <datafield tag="650" ind1=" " ind2=" ">
    <subfield code="a">Ciencias Sociales</subfield>
  </datafield>
  <datafield tag="690" ind1=" " ind2=" ">
    <subfield code="a">Elaborado</subfield>
  </datafield>
  <datafield tag="700" ind1=" " ind2=" ">
    <subfield code="e">asesor</subfield>
    <subfield code="a">Gomera , Nicol&#xE1;s</subfield>
  </datafield>
  <datafield tag="700" ind1=" " ind2=" ">
    <subfield code="e">autor</subfield>
    <subfield code="a">Diaz Mart&#xED;nez , Marina Aracelis </subfield>
  </datafield>
  <datafield tag="700" ind1=" " ind2=" ">
    <subfield code="e">autor</subfield>
    <subfield code="a">Gil , Cesarina Altagracia </subfield>
  </datafield>
  <datafield tag="901" ind1=" " ind2=" ">
    <subfield code="a">{"1":"Diaz Mart&#xED;nez ","2":"Gil "}</subfield>
    <subfield code="b">{"1":"Marina Aracelis ","2":"Cesarina Altagracia "}</subfield>
  </datafield>
  <datafield tag="902" ind1=" " ind2=" ">
    <subfield code="a">1</subfield>
  </datafield>
  <datafield tag="903" ind1=" " ind2=" ">
    <subfield code="a">{"1":"Gomera "}</subfield>
    <subfield code="b">{"1":"Nicol&#xE1;s"}</subfield>
  </datafield>
  <datafield tag="904" ind1=" " ind2=" ">
    <subfield code="a">Maestr&#xED;a en</subfield>
  </datafield>
  <datafield tag="905" ind1=" " ind2=" ">
    <subfield code="a">Ciencias Sociales</subfield>
  </datafield>
  <datafield tag="906" ind1=" " ind2=" ">
    <subfield code="a">2</subfield>
  </datafield>
  <datafield tag="907" ind1=" " ind2=" ">
    <subfield code="a">NO APLICA</subfield>
  </datafield>
  <datafield tag="908" ind1=" " ind2=" ">
    <subfield code="a">NO APLICA</subfield>
  </datafield>
  <datafield tag="909" ind1=" " ind2=" ">
    <subfield code="a">Universidad Aut&#xF3;noma de Santo Domingo (UASD)</subfield>
  </datafield>
  <datafield tag="910" ind1=" " ind2=" ">
    <subfield code="a">NULL</subfield>
    <subfield code="b">NULL</subfield>
  </datafield>
  <datafield tag="911" ind1=" " ind2=" ">
    <subfield code="a">["1"]</subfield>
  </datafield>
  <datafield tag="912" ind1=" " ind2=" ">
    <subfield code="a">NO APLICA</subfield>
  </datafield>
  <datafield tag="913" ind1=" " ind2=" ">
    <subfield code="a">NULL</subfield>
  </datafield>
  <datafield tag="914" ind1=" " ind2=" ">
    <subfield code="a">01 de Junio de 2012</subfield>
  </datafield>
  <datafield tag="915" ind1=" " ind2=" ">
    <subfield code="a">20/07/15 06:07</subfield>
  </datafield>
  <datafield tag="916" ind1=" " ind2=" ">
    <subfield code="a">NULL</subfield>
  </datafield>
  <datafield tag="917" ind1=" " ind2=" ">
    <subfield code="a">NULL</subfield>
  </datafield>
  <datafield tag="918" ind1=" " ind2=" ">
    <subfield code="a">NO APLICA</subfield>
  </datafield>
  <datafield tag="919" ind1=" " ind2=" ">
    <subfield code="a">["64","94","96"]</subfield>
  </datafield>
  <datafield tag="520" ind1=" " ind2=" ">
    <subfield code="a">Los objetivos principales de este estudio consintieron en describir las estrategias usadas por los docentes y su influencia en la deserci&#xF3;n escolar en los liceos Emma Balaguer de Vallejo y francisco del Rosario S&#xE1;nchez, del Distrito Educativo 16-02 de la Regional 10 del Municipio Santo Domingo Norte de la Provincia Santo Domingo y determinar los factores que indicen en la deserci&#xF3;n escolar, de los estudiantes de los liceos Emma Balaguer y Francisco del Rosario S&#xE1;nchez.La metodolog&#xED;a utilizada fue de enfoque descriptivo de tipo cuantitativo. &#xA0;Se utiliz&#xF3; como t&#xE9;cnicas la entrevista, &#xA0;la encuesta y el cuestionario. la poblaci&#xF3;n de estudiantes de ambos liceos es de 1,601 (el Emma Balaguer cuenta con 1,200 y el Francisco Rosario S&#xE1;nchez con 490). De estos se tom&#xF3; una muestra &#xA0;150 estudiantes de ambos centros. Se consult&#xF3;, adem&#xE1;s, a 40 maestros.El estudio concluy&#xF3; que en nuestro pa&#xED;s se han realizado esfuerzos para que la deserci&#xF3;n escolar descienda; pero a&#xFA;n sigue siendo un desaf&#xED;o, para alcanzar las metas del desarrollo social planteados por las naciones unidas para el a&#xF1;o 2015, que el personal docente no tiene dominio de la cantidad del estudiantes que repiten y desertan y que los factores que causan la deserci&#xF3;n en esos centros son los problemas familiares, los problemas con maestros/as, as&#xED; como tambi&#xE9;n los econ&#xF3;micos, la repitencia, falta de inter&#xE9;s, los embarazos en la adolescencia y la falta de apoyo de los padres.Es estudio recomend&#xF3; que el Estado Dominicano y las autoridades implementen en el municipio y las comunidades programadas nuevas fuentes de empleo donde los padres de familia puedan ayudar a sus hijos econ&#xF3;micamente, para que no se vean obligados a tener que emplearse a temprana edad y dejar sus estudios, que el ministerio de educaci&#xF3;n implemente programas que vayan al rescate de la poblaci&#xF3;n de j&#xF3;venes que habiendo dejado los estudios tienen el deseo de continuarlo. Se recomienda, tambi&#xE9;n, que los orientadores realicen charlas en el transcurso del a&#xF1;o escolar.</subfield>
  </datafield>
  <datafield tag="921" ind1=" " ind2=" ">
    <subfield code="a">16</subfield>
  </datafield>
  <datafield tag="922" ind1=" " ind2=" ">
    <subfield code="a">16</subfield>
  </datafield>
  <datafield tag="923" ind1=" " ind2=" ">
    <subfield code="a">0</subfield>
  </datafield>
  <datafield tag="924" ind1=" " ind2=" ">
    <subfield code="a">NO APLICA</subfield>
  </datafield>
  <datafield tag="942" ind1=" " ind2=" ">
    <subfield code="c">Tesis</subfield>
  </datafield>
  <datafield tag="999" ind1=" " ind2=" ">
    <subfield code="c">369</subfield>
    <subfield code="d">369</subfield>
  </datafield>
</record>
